000 00755cam a22002292 4500
001 0000004584
005 20151217145817.0
008 070525s xx 000 0 eng d
020 _a0805319573 :
040 _aKABU
_cKABU
050 0 _aQH308.2
_b.C36 1996
100 1 _aCampbell, Neil A,
_d1946-.
_@0000155219
245 1 0 _aBiology /
_cNeil A. Campbell.
250 _a4th ed.
260 _aMenlo Park, Calif :
_bBenjamin Cummings,
_cc1996.
300 _a1 v. (various pagings) :
_bill. (some col.) ;
_c29 cm +
_e1 computer laser optical disc (4 3/4 in.)
504 _aIncludes bibliographical references and index.
650 0 _aBiology.
_@0000003707
908 _a070525
950 _@1
999 _c2794
_d2794